000 00379nam a2200145Ia 4500
008 230917s9999||||xx |||||||||||||| ||und||
040 _e116124
_aMAIN
041 _aEnglish
082 _a668 C353C V2
100 _aChalmers, Law's
245 0 _aChemical specalties domesitic and industrial
260 _aGreat Britain
_bGeorge Godwin
_c1979
300 _a382p p.
942 _cBK
999 _c200720
_d200720